• 首页
  • 本馆介绍
  • 公告通知
  • 最新文献
  • 馆藏检索
  • 电子资源
  • 读者导购
  • 参考咨询
  • 我的图书馆
  • 登录
  • 详细信息显示
  • 放入我的书架
  • 预约/预借图书
  • 作者相关作品
  • 分类相关作品
  • 丛书相关作品
  • 出版社相关作品

书目信息

  • 表格格式
  • 工作单格式
  • 卡片格式
题名:
中华人民共和国统计局关于一九八○年国民经济计划执行结果的公报
    
 
作者:
分册:  
出版信息: 北京   中国时政经济出版社  1981
页数: 32页
开本: 20cm
丛书名:
单 册:
中图分类: F123.11
科图分类:
主题词: 经济--中国
电子资源:
ISBN:
000 00596nam0 2200181 450
001 0656876780
005 20060622155154.15
010    @dCNY0.15
100    @a20060622d1981 km y0chiy0120 ea
101 0  @achi
102    @aCN@b110000
200 1  @a中华人民共和国统计局关于一九八○年国民经济计划执行结果的公报@Azhong hua ren min gong he guo tong ji ju guan yu yi jiu ba○nian guo min jing ji ji hua zhi xing jie guo de gong bao
210    @a北京@c中国时政经济出版社@d1981
215    @a32页@d20cm
606 0  @a经济@x中国
690    @aF123.11@v3
801  0 @aCN@bPFT@c20060622
905    @a10447@dF123.11@e135
    
    中华人民共和国统计局关于一九八○年国民经济计划执行结果的公报.-北京:中国时政经济出版社,1981
    32页;20cm
    
    
    ISBN :CNY0.15
    
●
相关链接 在E读中查询图书 在五车中查询图书 在当当中查询图书 在豆瓣中查询图书


正题名:中华人民共和国统计局关于一九八○年国民经济计划执行结果的公报     索取号:F123.11/135         预约/预借

序号 登录号 条形码 馆藏地/架位号 状态 备注
1 0420756   204207562   密集书库/ [索取号:F123.11/135] 在馆    
2 0420757   204207571   密集书库/ [索取号:F123.11/135] 在馆    
唐山师范学院图书馆 欢迎您!
大连网信软件有限公司© 版权所有